| 000 | 02471nam a22005537a 4500 | ||
|---|---|---|---|
| 003 | CHAP | ||
| 005 | 20220329140600.0 | ||
| 008 | 971013s1969 r 00010 d | ||
| 010 | _a54270 | ||
| 011 | _a55242 | ||
| 020 | _a9700502236 | ||
| 035 | _a59394 | ||
| 040 | _cCHAP | ||
| 082 |
_a170 _bS35 |
||
| 100 | 0 | 0 |
_aSánchez Vázquez, Adolfo. _9107928 |
| 245 | 1 | _aEtica | |
| 260 |
_aMéxico, D.F. : _bGrijalbo, _c1969 |
||
| 300 | _a239 p. | ||
| 590 |
_aBATCH-UPD _b10 _c20130110 _lUCH01 _h0352 |
||
| 590 |
_aBATCH-UPD _b10 _c20130410 _lUCH01 _h0025 |
||
| 590 |
_aBATCH-UPD _b10 _c20130914 _lUCH01 _h1848 |
||
| 590 |
_aCONVERSION _b10 _c20130109 _lUCH01 _h1329 |
||
| 650 | 1 | 4 |
_aÉtica. _982776 |
| 901 | _aBK | ||
| 942 | _cLIBRO | ||
| 949 |
_a170 S35 _bBC _cLIBRO _d-154382 _eLIBRO _fc.2 _i59394 _si |
||
| 949 |
_a170 S35 _bBC _cLIBRO _d-154383 _eLIBRO _fc.5 _i59394 _si |
||
| 949 |
_a170 S35 _bBC _cLIBRO _d-154384 _eLIBRO _fc.6 _h13126 _i59394 _si |
||
| 949 |
_a170 S35 _bBC _cLIBRO _d-154386 _eLIBRO _fc.17 _i59394 _si |
||
| 949 |
_a170 S35 _bBC _cLIBRO _d-154387 _eLIBRO _fc.19 _i59394 _si |
||
| 949 |
_a170 S35 _bBC _cLIBRO _d-154388 _eLIBRO _fc.21 _i59394 _si |
||
| 949 |
_a170 S35 _bBC _cLIBRO _d-154390 _eLIBRO _fc.25 _i59394 _si |
||
| 949 |
_a170 S35 _bBC _cLIBRO _d-154391 _eLIBRO _fc.30 _i59394 _si |
||
| 949 |
_a170 S35 _bBC _cLIBRO _d33724000228789 _eLIBRO _fc.32 _h78481 _i59394 _si |
||
| 949 |
_a170 S35 _bBC _cLIBRO _d33724000228797 _eLIBRO _fc.7 _h13127 _i59394 _si |
||
| 949 |
_a170 S35 _bBC _cLIBRO _d33724000228805 _eLIBRO _fc.15 _h13135 _i59394 _si |
||
| 949 |
_a170 S35 _bBC _cLIBRO _d33724000228813 _eLIBRO _fc.26 _h13146 _i59394 _si |
||
| 949 |
_a170 S35 _bBC _cLIBRO _d33724000228821 _eLIBRO _fc.27 _h13147 _i59394 _si |
||
| 949 |
_a170 S35 _bBC _cLIBRO _d33724000228854 _eLIBRO _fc.20 _h13140 _i59394 _si |
||
| 949 |
_a170 S35 _bBC _cLIBRO _d33724000228888 _eLIBRO _fc.8 _h13128 _i59394 _si |
||
| 949 |
_a170 S35 _bBC _cLIBRO _d33724000684494 _eLIBRO _fc.9 _h13129 _i59394 _si |
||
| 949 |
_a170 S35 _bBC _cLIBRO _d33724000750154 _eLIBRO _fc.31 _h78480 _i59394 _si |
||
| 949 |
_a170 S35 _bBC _cLIBRO _d33724000877072 _eLIBRO _h107739 rep. _i59394 _si |
||
| 949 |
_a170 S35 _bBC _cLIBRO _d33724000918975 _eLIBRO _fc.18 _h13138 _i59394 _si |
||
| 949 |
_a170 S35 _bBC _cLIBRO _d33724000918983 _eLIBRO _fc.24 _h13144 _i59394 _si |
||
| 949 |
_a170 S35 _bBC _cLIBRO _d33724000939567 _eLIBRO _fc.10 _h13130 _i59394 _si |
||
| 949 |
_a170 S35 _bBC _cLIBRO _d33724002064660 _eLIBRO _fc.23 _h13143 _i59394 _si |
||
| 949 |
_a170 S35 _bBC _cMUT _d33724000228847 _eMUT _fc.29 _h13149 _i59394 _si |
||
| 999 |
_c54270 _d54270 |
||